000
00206 a2200097 4500
001
7822
100
_a
Caroe, O
245
_a
The pathans:550 B C-A.D. 1957
260
_a
_b
Macmillan
_c
090
_c
6271
_d
6271
942
_a
NUST-CAE
_c
M
_c
32791
999
_c
242895
_d
242895